Yüklüyor......
Literacy and Development in the West
| Yazar: | |
|---|---|
| Materyal Türü: | Printed Book |
| Baskı/Yayın Bilgisi: |
Middlesex;
Penguin Books Ltd;
1962
|
| Edisyon: | 1st |
| Konular: |
| LEADER | 00506nam a22001457a 4500 | ||
|---|---|---|---|
| 082 | |a 824 |b CIP/L K9 | ||
| 100 | |a Cipolla, Carlo M |9 162858 | ||
| 245 | |a Literacy and Development in the West | ||
| 250 | |a 1st | ||
| 260 | |a Middlesex; |b Penguin Books Ltd; |c 1962 | ||
| 300 | |a 144p. | ||
| 650 | |a English Literature Studies |9 238384 | ||
| 942 | |c BK | ||
| 999 | |c 61907 |d 61907 | ||
| 952 | |0 0 |1 0 |4 0 |6 824_000000000000000_CIP_L_K9 |7 0 |8 EnglLS |9 74259 |a MAL |b MAL |d 2016-09-29 |e 11718 |l 0 |o 824 CIP/L K9 |p MAL011718 |r 2016-09-29 |t 1 |w 2016-09-29 |y BK | ||